000 00351 a2200169 4500
001 191514
020 _a978-85-16-08576-6
040 _cMagnum
100 _aCarrasco, Walcyr
240 1 0 _aO selvagem
_lpor
245 1 0 _aO selvagem
300 _a63
362 0 _a2013
440 1 _aModerna
697 _aLITERATURA INFANTO-JUVENIL
942 _cBK
999 _c191514
_d191514